01253 a2200193 4500020001500000020001500015020001600030022001500046040001300061245006700074260005300141300003300194520068600227650002300913650002600936650004300962650002701005700002701032 a1591405181 a1591405181 a 1591405181 a1591405181 aDLCbDLC00aDigital watermarking for digital media cJuergen Seitz, editor aHershey, PA :bInformation Science Pub.,cc2005. aix, 262 p. :bill. ;c26 cm.1 a"Digital Watermarking for Digital Media discusses the new aspects of digital watermarking in a worldwide context. Approached not only from the technical side, but the business and legal sides as well, this book discusses digital watermarking as it relates to many areas of digital media. Broad in its approach, Digital Watermarking for Digital Media provides a comprehensive overview not provided by any texts. Students in information technology, law, multimedia design, and economics will all find valuable material here. But this book is not limited to only students. Artists, composers, lawyers, and publishers will all find value in this digital watermarking book."--BK JACKET. 0aComputer security. 0aDigital watermarking. 0aMultimedia systemsxSecurity measures. 0aIntellectual property.1 aSeitz, Juergen,d1968-